MARC details
| 000 -LEADER |
| fixed length control field |
01920nam a2200301 a 4500 |
| 008 - FIXED-LENGTH DATA ELEMENTS--GENERAL INFORMATION |
| fixed length control field |
161027s2014 ||||||||||||||||| || u |
| 010 ## - LIBRARY OF CONGRESS CONTROL NUMBER |
| LC control number |
2013941887 |
| 020 ## - INTERNATIONAL STANDARD BOOK NUMBER |
| International Standard Book Number |
9781446207970 |
| 020 ## - INTERNATIONAL STANDARD BOOK NUMBER |
| International Standard Book Number |
9781446207963 |
| 020 ## - INTERNATIONAL STANDARD BOOK NUMBER |
| International Standard Book Number |
1446207978 |
| 020 ## - INTERNATIONAL STANDARD BOOK NUMBER |
| International Standard Book Number |
144620796X |
| 050 ## - LIBRARY OF CONGRESS CALL NUMBER |
| Classification number |
HD 57.7 Sch |
| 100 ## - MAIN ENTRY--PERSONAL NAME |
| Personal name |
Edwards, Gareth |
| 245 10 - TITLE STATEMENT |
| Title |
Studying leadership: traditional and critical approaches |
| Statement of responsibility, etc. |
Doris Schedlitzki and Gareth Edwards |
| 260 ## - PUBLICATION, DISTRIBUTION, ETC. |
| Place of publication, distribution, etc. |
London |
| Name of publisher, distributor, etc. |
SAGE Publications |
| Date of publication, distribution, etc. |
2014 |
| 300 ## - PHYSICAL DESCRIPTION |
| Extent |
xxii, 340p: ill. |
| 350 ## - |
| -- |
59.00 |
| 500 ## - GENERAL NOTE |
| General note |
Includes bibliographical references (pages 301-333) and index. |
| 520 ## - |
| -- |
Written by leading academics, it is a truly comprehensive text, bringing together 15 different areas of Leadership and demonstrating how they are all connected. Each area is critically evaluated, firmly grounded in research and explored in enough depth to appeal to both undergraduate and postgraduate students. This text is structured around a timeline which guides students through the psychological and sociological influences that have led to opposing arguments in the field of Leadership studies to the most current thinking and debates and future perspectives, ensuring a holistic understanding. |
| 650 #0 - SUBJECT ADDED ENTRY--TOPICAL TERM |
| Topical term or geographic name entry element |
LEADERSHIP |
| 650 ## - SUBJECT ADDED ENTRY--TOPICAL TERM |
| Topical term or geographic name entry element |
STUDYING LEADERSHIP |
| 700 ## - ADDED ENTRY--PERSONAL NAME |
| Personal name |
Schedlitzki, Doris |
| 856 ## - ELECTRONIC LOCATION AND ACCESS |
| Uniform Resource Identifier |
http://www.sagepub.co.uk/studyleadership |
| 995 ## - |
| -- |
MAIN LIBRARY OPEN ACCESS |
| -- |
59.00 |
| -- |
747132 |
| -- |
CBU-MAIN LIBRARY (Kitwe) |
| -- |
HD 57.7 Sch |
| -- |
2 |
| -- |
AVAILABLE |
| -- |
Oct 27, 2016 |
| -- |
747132 |
| -- |
Main Library Open Access Collection |
| 995 ## - |
| -- |
MAIN LIBRARY OPEN ACCESS |
| -- |
748826 |
| -- |
CBU-MAIN LIBRARY (Kitwe) |
| -- |
59.00 |
| -- |
HD 57.7 Sch |
| -- |
3 |
| -- |
AVAILABLE |
| -- |
Jan 30, 2019 |
| -- |
748826 |
| -- |
Main Library Open Access Collection |
| 995 ## - |
| -- |
MEDICAL LIBRARY OPEN ACCESS |
| -- |
745806 |
| -- |
CBU-SCHOOL OF MEDICINE LIBRARY (Ndola) |
| -- |
59.00 |
| -- |
HD 57.7 Sch |
| -- |
1 |
| -- |
AVAILABLE |
| -- |
Jan 26, 2016 |
| -- |
745806 |
| -- |
Medical Library Open Access Collection |
| 999 ## - |
| -- |
80785 |
| -- |
80785 |